Szczegóły MARC21

Probleme der Leistungsmessung : Lernfortschrittstests in der Grundstufe /

003 -Nazwa inst., której nr kontr. jest w polu 001 [,]
    • @
    • Nazwa instytucji, której n kontrolny jest w polu 001
    • NUKAT
005 -DATA I CZAS OSTATNIEJ MODYFIKACJI [,]
    • @
    • pole kontrolne
    • 20241231105754.0
020 -Międzynarod. znormalizowany nr książki - ISBN [ , ]
    • a
    • Numer ISBN
    • 3468496702 Find
020 -Międzynarod. znormalizowany nr książki - ISBN [ , ]
    • a
    • Numer ISBN
    • 3468496699 Find
    • q
    • Dopowiedzenie
    • Kassette
040 -Instytucja sporządzająca opis [ , ]
    • a
    • Instytucja, która sporządziła opis (NP)
    • LUBL U/ISA
    • c
    • Instytucja, która sporządziła rekord (NP)
    • LUBL U/ISA
    • d
    • Instytucja, która zmodyfikowała rekord (P)
    • LUBL U/EM
    • d
    • Instytucja, która zmodyfikowała rekord (P)
    • LUBL U/WAGs
    • d
    • Instytucja, która zmodyfikowała rekord (P)
    • TARN 010/MT
942 -Rodzaj dokumentu [ , ]
    • c
    • Rodzaj dokumentu
    • Książka
100 -Hasło główne - nazwa osobowa [1, ]
    • a
    • Nazwa osobowa (NP)
    • Bolton, Sibylle
    • d
    • Daty biograficzne (NP)
    • (1941- ).
    • 9
    • KHW
    • 415900
245 -Strefa tytułu i oznaczenia odpowiedzialności [1,0]
    • a
    • Tytuł
    • Probleme der Leistungsmessung : Find
    • b
    • Ciąg dalszy tytułu (NP)
    • Lernfortschrittstests in der Grundstufe / Find
    • c
    • Pozostałe elementy strefy tytułu i oznaczenia odpowiedzialności (NP)
    • Sibylle Bolton ; unter Mitarbeit von Eva-Maria Jenkins.
260 -Strefa adresu wydawniczego [ , ]
    • a
    • Miejsce wydania (P)
    • Berlin [etc.] :
    • b
    • Nazwa wydawcy (P)
    • Langenscheidt,
    • c
    • Data wydania (P)
    • cop. 1996.
300 -Strefa opisu fizycznego [ , ]
    • a
    • Określenie formy książki i/lub objętość (NP)
    • 200 s. :
    • b
    • Oznaczenie ilustracji (NP)
    • il. ;
    • c
    • Format (NP)
    • 30 cm +
    • e
    • Oznaczenie dokumentu towarzyszącego (NP)
    • 1 kaseta dżwiękowa.
336 -Typ zawartości [ , ]
    • a
    • Termin opisujący typ zawartości
    • Tekst
    • b
    • Kod określający zawartość
    • txt
    • 2
    • Źródło (terminu i kodu)
    • rdacontent
337 -Typ mediów [ , ]
    • a
    • Tryb odtwarzania
    • Bez urządzenia pośredniczącego
    • b
    • Kod typu mediów
    • n
    • 2
    • Źródło (terminu i kodu)
    • rdamedia
338 -Typ/rodzaj nośnika [ , ]
    • a
    • Hasło opisujące typ nośnika
    • Wolumin
    • b
    • Kod typu nośnika
    • nc
    • 2
    • Źródło (terminu i kodu)
    • rdacarrier
490 -Strefa serii i książki wielotomowej - forma nie do wyszukiwania [1, ]
    • a
    • Tytuł (P)
    • Fernstudieneinheit ; Find
    • v
    • Numeracja (P)
    • 10
830 -Hasło dodatkowe serii i opisu książki wielotomowej - tytuł ujednolicony/tytuł [ ,0]
    • a
    • Tytuł ujednolicony/tytuł (NP)
    • Fernstudienprojekt zur Fort- und Weiterbildung im Bereich Germanistik und Deutsch als Fremdsprache
    • v
    • Oznaczenie tomu (NP)
    • 10
    • 9
    • KHW
    • 415902
500 -Uwaga ogólna [ , ]
    • a
    • Uwaga ogólna (NP)
    • Na okł.: Fernstudienangebot: Germanistik - Deutsch als Fremdsprache.
504 -Uwaga dot. bibliogr. załącznikowej [ , ]
    • a
    • Uwaga dot. bibliografii załącznikowej
    • Bibliogr. s. 195-200.
080 -Uniwersalna Klasyfikacja Dziesiętna [ , ]
    • a
    • Symbol klasyfikacji
    • 803.0(07)=30
080 -Uniwersalna Klasyfikacja Dziesiętna [ , ]
    • a
    • Symbol klasyfikacji
    • :372.880.30=30
080 -Uniwersalna Klasyfikacja Dziesiętna [ , ]
    • a
    • Symbol klasyfikacji
    • :371.26/.27=30
080 -Uniwersalna Klasyfikacja Dziesiętna [ , ]
    • a
    • Symbol klasyfikacji
    • :803.0-23=30
080 -Uniwersalna Klasyfikacja Dziesiętna [ , ]
    • a
    • Symbol klasyfikacji
    • :803.0-556=30
650 -Hasło przedmiotowe [ ,7]
    • a
    • Hasło przedmiotowe
    • Język niemiecki
    • x
    • Określnik rzeczowy
    • studia i nauczanie
    • x
    • Określnik rzeczowy
    • obcojęzyczni.
    • 2
    • Źródło terminu
    • kaba
    • 9
    • KHW
    • 356855
650 -Hasło przedmiotowe [ ,7]
    • a
    • Hasło przedmiotowe
    • Język niemiecki
    • x
    • Określnik rzeczowy
    • studia i nauczanie (podstawowe).
    • 2
    • Źródło terminu
    • kaba
    • 9
    • KHW
    • 496296
980 -Symbol UKD [ , ]
    • a
    • UKD
    • 803.0(07):372.880.30:371.26/.27:803.0-23:803.0-556]=30
700 -Hasło dodatkowe - nazwa osobowa [1, ]
    • a
    • Nazwa osobowa (NP)
    • Jenkins, Eva-Maria. Find
    • 9
    • KHW
    • 415901
710 -Hasło dodatkowe - nazwa ciała zbiorowego [2, ]
    • a
    • Nazwa ciała zbiorowego lub nazwa geograficzna jako pierwszy element (NP)
    • Langenscheidt Polska.
    • 4
    • Kod relacji
    • pbl
    • 9
    • KHW
    • 50561
920 -ISBN [ , ]
    • a
    • ISBN
    • 3-468-49670-2 Find
920 -ISBN [ , ]
    • a
    • ISBN
    • 3-468-49669-9 Find
    • q
    • Dopowiedzenie
    • Kassette
Sygnatura Lokalizacja Data inwentaryzacji Status udost. Numer inwentarzowy
GERM. Nauka języka niem. 01BM1997-11-131G.12808